<?xml version="1.0" encoding="UTF-8"?><?xml-stylesheet type="text/xsl" href="static/style.xsl"?><OAI-PMH xmlns="http://www.openarchives.org/OAI/2.0/" xmlns:xsi="http://www.w3.org/2001/XMLSchema-instance" xsi:schemaLocation="http://www.openarchives.org/OAI/2.0/ http://www.openarchives.org/OAI/2.0/OAI-PMH.xsd"><responseDate>2026-04-17T01:10:31Z</responseDate><request verb="GetRecord" identifier="oai:www.recercat.cat:20.500.12328/4855" metadataPrefix="marc">https://recercat.cat/oai/request</request><GetRecord><record><header><identifier>oai:recercat.cat:20.500.12328/4855</identifier><datestamp>2025-05-20T00:04:02Z</datestamp><setSpec>com_2072_67741</setSpec><setSpec>col_2072_484352</setSpec></header><metadata><record xmlns="http://www.loc.gov/MARC21/slim" xmlns:dcterms="http://purl.org/dc/terms/" xmlns:xsi="http://www.w3.org/2001/XMLSchema-instance" xmlns:doc="http://www.lyncode.com/xoai" xsi:schemaLocation="http://www.loc.gov/MARC21/slim http://www.loc.gov/standards/marcxml/schema/MARC21slim.xsd">
   <leader>00925njm 22002777a 4500</leader>
   <datafield ind2=" " ind1=" " tag="042">
      <subfield code="a">dc</subfield>
   </datafield>
   <datafield ind2=" " ind1=" " tag="720">
      <subfield code="a">Benayiba, Hajar</subfield>
      <subfield code="e">author</subfield>
   </datafield>
   <datafield ind2=" " ind1=" " tag="720">
      <subfield code="a">Manresa, Alba</subfield>
      <subfield code="e">author</subfield>
   </datafield>
   <datafield ind2=" " ind1=" " tag="720">
      <subfield code="a">De Castro Vila, Rodolfo</subfield>
      <subfield code="e">author</subfield>
   </datafield>
   <datafield ind2=" " ind1=" " tag="260">
      <subfield code="c">2025</subfield>
   </datafield>
   <datafield ind2=" " ind1=" " tag="520">
      <subfield code="a">Purpose: This research aims to study the relationship between the steps of Sales &amp; Operations Planning (S&amp;OP) and the emergence of soft issues, such as communication challenges, coordination bottlenecks, and conflict resolution difficulties. Design/methodology/approach: Employing the Design &amp; Engineering Methodology for Organisations (DEMO), a business process mapping tool, it describes the steps within S&amp;OP, uncovering its complexity, and identifying key interaction points. By mapping S&amp;OP through DEMO, the study simplifies the process, uncovering potential sources of soft issues encountered by the members of S&amp;OP. Findings: Anticipated findings include an interaction model illustrating communication patterns within the S&amp;OP process, aiding in identifying conflictual stages. The research also identifies key soft issues associated with each step of S&amp;OP. Additionally, the study confirms the robustness of certain process steps while recommending improvements, particularly regarding the involvement of top management. Research limitations/implications: The research acknowledges limitations, emphasizing potential constraints in the DEMO methodology, where only one Model of DEMO has been generated for S&amp;OP. Implications include the need for further validation of the identified soft issues and continuous refinement of S&amp;OP to address the challenges highlighted. Practical implications: This research also confirms the robustness of some of the steps and their importance, and it also recommends some improvements in specific stages like the ones related to the involvement of the top management. By tackling both the soft side of S&amp;OP, and the complexity of this process, it provides direct insights to enhance these issues. Originality/value: This research contributes to the existing literature on S&amp;OP by addressing both the soft aspects and the complexity of the process. The use of DEMO as a novel methodology adds originality to the study, paving the way for its potential application in future research within the operation field.</subfield>
   </datafield>
   <datafield ind1="8" ind2=" " tag="024">
      <subfield code="a">Benayiba, Hajar; Manresa, Alba; De Castro Vila, Rodolfo. Simplifying sales and operations planning: Analysing the influence of process steps on soft issues using design and engineering methodology for organisations. Intangible Capital, 2025, 21(1), p. 116-130. Disponible en: &lt;https://www.intangiblecapital.org/index.php/ic/article/view/2670>. Fecha de acceso: 28 abr. 2025. DOI: 10.3926/ic.2670</subfield>
   </datafield>
   <datafield ind1="8" ind2=" " tag="024">
      <subfield code="a">2014-3214</subfield>
   </datafield>
   <datafield ind1="8" ind2=" " tag="024">
      <subfield code="a">http://hdl.handle.net/20.500.12328/4855</subfield>
   </datafield>
   <datafield ind1="8" ind2=" " tag="024">
      <subfield code="a">https://dx.doi.org/10.3926/ic.2670</subfield>
   </datafield>
   <datafield tag="653" ind2=" " ind1=" ">
      <subfield code="a">S&amp;OP</subfield>
   </datafield>
   <datafield tag="653" ind2=" " ind1=" ">
      <subfield code="a">Gestió de la cadena de subministrament</subfield>
   </datafield>
   <datafield tag="653" ind2=" " ind1=" ">
      <subfield code="a">Demostració</subfield>
   </datafield>
   <datafield tag="653" ind2=" " ind1=" ">
      <subfield code="a">Gestió de recursos humans</subfield>
   </datafield>
   <datafield tag="653" ind2=" " ind1=" ">
      <subfield code="a">Qüestions toves</subfield>
   </datafield>
   <datafield tag="653" ind2=" " ind1=" ">
      <subfield code="a">Mapatge de processos</subfield>
   </datafield>
   <datafield tag="653" ind2=" " ind1=" ">
      <subfield code="a">Ontologia empresarial</subfield>
   </datafield>
   <datafield tag="653" ind2=" " ind1=" ">
      <subfield code="a">S&amp;OP</subfield>
   </datafield>
   <datafield tag="653" ind2=" " ind1=" ">
      <subfield code="a">Gestión de la cadena de suministro</subfield>
   </datafield>
   <datafield tag="653" ind2=" " ind1=" ">
      <subfield code="a">Demostración</subfield>
   </datafield>
   <datafield tag="653" ind2=" " ind1=" ">
      <subfield code="a">Gestión de recursos humanos</subfield>
   </datafield>
   <datafield tag="653" ind2=" " ind1=" ">
      <subfield code="a">Problemas blandos</subfield>
   </datafield>
   <datafield tag="653" ind2=" " ind1=" ">
      <subfield code="a">Mapeo de procesos</subfield>
   </datafield>
   <datafield tag="653" ind2=" " ind1=" ">
      <subfield code="a">Ontología empresarial</subfield>
   </datafield>
   <datafield tag="653" ind2=" " ind1=" ">
      <subfield code="a">S&amp;OP</subfield>
   </datafield>
   <datafield tag="653" ind2=" " ind1=" ">
      <subfield code="a">Supply chain management</subfield>
   </datafield>
   <datafield tag="653" ind2=" " ind1=" ">
      <subfield code="a">Demo</subfield>
   </datafield>
   <datafield tag="653" ind2=" " ind1=" ">
      <subfield code="a">HRM</subfield>
   </datafield>
   <datafield tag="653" ind2=" " ind1=" ">
      <subfield code="a">Soft issues</subfield>
   </datafield>
   <datafield tag="653" ind2=" " ind1=" ">
      <subfield code="a">Process mapping</subfield>
   </datafield>
   <datafield tag="653" ind2=" " ind1=" ">
      <subfield code="a">Enterprise ontology</subfield>
   </datafield>
   <datafield ind2="0" ind1="0" tag="245">
      <subfield code="a">Simplifying sales and operations planning: analysing the influence of process steps on soft issues using design and engineering methodology for organisations</subfield>
   </datafield>
</record></metadata></record></GetRecord></OAI-PMH>